| 000 | 00348nam a2200133Ia 4500 | ||
|---|---|---|---|
| 008 | 170516s9999 xx 000 0 und d | ||
| 245 | _aMolecular Imaging of Apoptosis: From Micro to Macro | ||
| 260 | _bTheranostics | ||
| 260 | _c2015 | ||
| 300 | _a5:6 | ||
| 650 | _xMedical Technology | ||
| 650 | _xMedtech | ||
| 856 | _uhttp://www.thno.org/v5i6 | ||
| 999 |
_c330498 _d330498 |
||